000 01148 a2200241 4500
001 3350
005 20260407155428.0
008 260407a1988 arg spa d
003 AR-UNSa-BCEJYS
040 _aAR-UNSa-BCEJYS
_bspa
_cAR-UNSa-BCEJYS
080 _a347.73
_xOrganizaciones comerciales. Derecho financiero (títulos de crédito)
245 1 0 _aTítulos de crédito
_pletra de cambio, pagaré y cheque
020 _a950-508-140-5
250 _a2a. ed.
264 1 _aBuenos Aires :
_bAstrea
_c1988
300 _axxxi, 426 p.
_c23 cm.
505 _a1. Introducción - 2. La obligación cambiaria - 3. Obligados cambiarios - 4. Circulación - 5. Garantías cambiarias - 6. Institutos cambiarios poco usuales y cancelación - 7. Vencimiento y extinción de las obligaciones cambiarias - 8. Cheque - 9. Acciones cambiarias - 10. Defensas sustanciales y excepciones - 11. Otras acciones emergentes del ordenamiento cambiario
041 _aspa
942 _cBK
590 _aniveau_biblio:m niveau_hierar:0
100 1 _aEscuti, Ignacio A.
856 4 1 _uhttps://biblioeco.unsa.edu.ar/pmb/images/libros/L45908.jpg
_yImagen de portada
_qimage/jpeg
999 _c319
_d319